Príčiny fragmentácie trhu so štátnymi dlhopismi

Stav fragmentácie trhu v eurozóne. Faktory vplývajúce na vývoj trhu. Nová regulácia. Zhoršovanie ratingu verejného dlhu. Nerovnomerné podmienky v oblasti likvidity.

Uložené v:
Podrobná bibliografia
Hlavný autor: Gertler, Ľubomíra, 1977-
Médium: Kapitola
Jazyk:Slovak
Predmet:
Tagy: Pridať tag
Žiadne tagy, Buďte prvý, kto otaguje tento záznam!

MARC

LEADER 00000nla a2200000 4500
001 0183160
005 20240502073130.6
041 0 |a slo 
044 |a SK 
245 1 0 |a Príčiny fragmentácie trhu so štátnymi dlhopismi  |c Ľubomíra Gertler 
520 |a Stav fragmentácie trhu v eurozóne. Faktory vplývajúce na vývoj trhu. Nová regulácia. Zhoršovanie ratingu verejného dlhu. Nerovnomerné podmienky v oblasti likvidity. 
610 2 0 |a trh finančný 
610 2 0 |a inštitúcie finančné 
610 2 0 |a dlhopisy 
610 2 0 |a papiere cenné 
610 2 0 |a likvidita 
610 2 0 |a dlhy verejné 
610 2 0 |a eurozóna 
100 1 |a Gertler, Ľubomíra, 1977-